000 01408cam a22003734i 4500
003 PE-LiUPU
005 20250731183426.0
008 150616s r 000 0 d
035 _a(Sirsi) a4900
040 _aPE-LiUPU
_bspa
_cPE-LiUPU
_erda
049 _aPRUA
082 0 4 _a769.569385
_bM26
_221
100 1 _aMariátegui Angulo, Francisco,
_eautor.
245 1 0 _aEstampillas y buques en la historia marítima del Perú /
_cFrancisco Mariátegui Angulo.
264 1 _aLima :
_bCONCYTEC,
_c1990.
300 _a78 páginas :
_bilustraciones fotos, dibjs., estampillas ;
_c25 cm.
336 _atext
_2rdacontent
337 _aunmediated
_2rdamedia
338 _avolume
_2rdacarrier
505 0 _aEstampillas y buques en la historia marítima del Perú.
526 _aP158
526 _aP146
526 _aP17
526 _aP12
526 _aP06
650 0 4 _aFilatelia
_zPerú.
910 _ajck
_bjvq
_cjck
942 _2ddc
_cBOOK
949 _a769.569385 M26
_wDEWEY
_c1
_i37324
_lCCODEBUL1
_mBUL
_p00.00
_r0
_sY
_tBOOK
_u19910925
_xBIBLIOTECA
_zUNKNOWN
_0COMPRA
_o.STAFF. Colección General
994 _aC0
_bPEPRU
596 _a1
999 _a769.569385 M26
_wDEWEY
_c51300
_i37324
_d51300
_e2017-10-25
_f2021-11-5
_g7
_lCCODEBUL1
_mBUL
_n1
_r0
_sY
_tBOOK
_u2015-6-16
_xBIBLIOTECA
_zUNKNOWN
_0COMPRA
_o.STAFF. Colección General
980 _81
_gALBERTO SANCHEZ Responsable de Automatización